Ada / (Kayıt no. 6816)

MARC ayrıntıları
000 -LEADER
fixed length control field 00571nam a22002057a 4500
003 - CONTROL NUMBER IDENTIFIER
control field KOHA_MİRAKIL
005 - DATE AND TIME OF LATEST TRANSACTION
control field 20241003053859.0
008 - FIXED-LENGTH DATA ELEMENTS--GENERAL INFORMATION
fixed length control field 241002b2018 tu ||||| |||| 00| 0 tur d
020 ## - INTERNATIONAL STANDARD BOOK NUMBER
International Standard Book Number 9786257854986
040 ## - CATALOGING SOURCE
Original cataloging agency TR-AnABB
Language of cataloging tur
Transcribing agency TR-AnABB
041 ## - LANGUAGE CODE
Language code of text/sound track or separate title tur
082 ## - DEWEY DECIMAL CLASSIFICATION NUMBER
Classification number 813.42
Item number SEL 2018
100 1# - MAIN ENTRY--PERSONAL NAME
Personal name Selimoviç, Meşa
9 (RLIN) 232
245 10 - TITLE STATEMENT
Title Ada /
Statement of responsibility, etc. Meşa Selimoviç.
260 ## - PUBLICATION, DISTRIBUTION, ETC.
Place of publication, distribution, etc. İstanbul :
Name of publisher, distributor, etc. Ketebe Yayınları,
Date of publication, distribution, etc. 2018.
300 ## - PHYSICAL DESCRIPTION
Extent 196 sayfa ;
Dimensions 21 cm.
500 ## - GENERAL NOTE
General note Ödüller: 2015 Folio Ödülü
650 ## - SUBJECT ADDED ENTRY--TOPICAL TERM
Topical term or geographic name entry element Türk edebiyatı, roman
9 (RLIN) 4
942 ## - ADDED ENTRY ELEMENTS (KOHA)
Source of classification or shelving scheme Dewey Decimal Classification
Koha item type Kitap
900 ## - EQUIVALENCE OR CROSS-REFERENCE-PERSONAL NAME [LOCAL, CANADA]
Numeration Can Çelik
Mevcut
Withdrawn status Lost status Source of classification or shelving scheme Damaged status Not for loan Home library Current library Date acquired Source of acquisition Total checkouts Full call number Barcode Date last seen Price effective from Koha item type
    Dewey Decimal Classification     Büyükşehir Genç Akademi Batıkent Büyükşehir Genç Akademi Batıkent 26/03/2025     813.42 SEL 2018 ABB123890 26/03/2025 26/03/2025 Kitap
    Dewey Decimal Classification     Meteoroloji Çalışma İstasyonu Meteoroloji Çalışma İstasyonu 02/10/2024 SATIN   813.42 SEL 2018 ABB118188 03/10/2024 03/10/2024 Kitap